Movies Quiz

Random Movies or Star Wars Quiz
Score 0/9 Timer 01:30
0 Plays Today
% Correct
Forest Moon of Endor
95.5%
Hoth
93.4%
Tatooine
92.2%
Dagobah
90.8%
Mustafar
88.8%
Coruscant
85.9%
Naboo
85.5%
Ahch-To
82%
Bespin
79.8%

You're not logged in!

Compare scores with friends on all Sporcle quizzes.
OR
Log In

Sporcle TV

Today on Sporcle TV


Watch our educational content, quiz creation guides, and fun videos on Sporcle TV.

Show Comments

Extras

Top Quizzes Today


Score Distribution

Paid Content

Your Account Isn't Verified!

In order to create a playlist on Sporcle, you need to verify the email address you used during registration. Go to your Sporcle Settings to finish the process.

Report this User

Report this user for behavior that violates our Community Guidelines.

Details: